| 000 | 00384nam a2200169Ia 4500 | ||
|---|---|---|---|
| 008 | 230524s9999 xx 000 0 und d | ||
| 020 | _a8188429488 | ||
| 082 |
_a604.2 _bNAR |
||
| 100 | _aK.L.Narayana | ||
| 245 | 0 | _aMachine Drawing | |
| 250 | _a2ND | ||
| 260 |
_aNEW DELHI _bNAI _c2000 |
||
| 300 | _aXI;411 | ||
| 500 | _aQuantity Number: 4 | ||
| 650 | _aMechanics | ||
| 942 | _cBK | ||
| 999 |
_c15645 _d15645 |
||